Hegel's world revolutions (Record no. 1309359)

MARC details
000 -LEADER
fixed length control field 04834cam a22004338i 4500
001 - CONTROL NUMBER
control field 23123627
005 - DATE AND TIME OF LATEST TRANSACTION
control field 20250424153433.0
008 - FIXED-LENGTH DATA ELEMENTS--GENERAL INFORMATION
fixed length control field 230511s2023 nju b 001 0 eng
010 ## - LIBRARY OF CONGRESS CONTROL NUMBER
LC control number 2023019043
020 ## - INTERNATIONAL STANDARD BOOK NUMBER
International Standard Book Number 9780691250182
037 ## - SOURCE OF ACQUISITION
Terms of availability TB
040 ## - CATALOGING SOURCE
Original cataloging agency CRL
Language of cataloging eng
Description conventions rda
Transcribing agency CRL
Modifying agency CRL
041 ## - LANGUAGE CODE
Source of code eng
Language code of text/sound track or separate title eng
042 ## - AUTHENTICATION CODE
Authentication code pcc
050 00 - LIBRARY OF CONGRESS CALL NUMBER
Classification number JC233.H46
Item number B664 2023
084 ## - COLON CLASSIFICATION NUMBER
Classification number R3xL70 R3
Assigning agency CRL
100 1# - MAIN ENTRY--PERSONAL NAME
Personal name Bourke, Richard
Relator term author.
9 (RLIN) 752942
245 10 - TITLE STATEMENT
Title Hegel's world revolutions
260 ## - PUBLICATION, DISTRIBUTION, ETC.
Place of publication, distribution, etc. Princeton, USA:
Name of publisher, distributor, etc. Princeton University Press,
Date of publication, distribution, etc. 2023.
300 ## - PHYSICAL DESCRIPTION
Extent xvi, 321p.
Dimensions 24 cm
336 ## - CONTENT TYPE
Content type term text
Content type code txt
Source rdacontent
337 ## - MEDIA TYPE
Media type term unmediated
Media type code n
Source rdamedia
338 ## - CARRIER TYPE
Carrier type term volume
Carrier type code nc
Source rdacarrier
365 ## - TRADE PRICE
Price amount 29.95
Currency code USD
504 ## - BIBLIOGRAPHY, ETC. NOTE
Bibliography, etc. note Includes bibliographical references and index.
505 0# - FORMATTED CONTENTS NOTE
Formatted contents note Introduction -- Part I. The Kantian revolution -- Introduction -- The turning point -- Kant, religion and revolution -- The Christian revolution and its fate -- Part II. Hegel and the French Revolution -- Introduction -- The Holy Roman Empire and the French Revolution -- Absolute freedom and terror -- Revolution and the modern constitutional state -- Part III. The history of political thought -- Introduction -- Hegel's Plato -- After the Hegel Renaissance -- Political thought and its discontents -- Conclusion.
520 ## - SUMMARY, ETC.
Summary, etc. "This book offers the first historical treatment of Hegel's political ideas since the 1970s. It completely revises our understanding of his response to the French Revolution, the most dramatic and significant event of his age. A fresh account of his take on the Revolution itself provides a new perspective on his thought as a whole. It also illuminates Hegel's relevance to modern politics. Dominant strands of post-War thought have taken the form of a repudiation of Hegel. This reaction has largely been based on dubious arguments and poor scholarship. The alternative analysis offered here contextualizes attempts to disparage Hegel as pursued by strands of critical theory associated with postmodernism. In the process, the book challenges recent onslaughts against so-called "Western" rationalism. It takes issue with the ambition to relativize all values and to represent knowledge as an effect of power"--
Assigning source Provided by publisher.
520 ## - SUMMARY, ETC.
Summary, etc. "A new account of the relevance of Hegel's ideas for today's world, countering the postwar anti-Hegel "insurgency"G.W.F. Hegel was widely seen as the greatest philosopher of his age. Ever since, his work has shaped debates about issues as varied as religion, aesthetics and metaphysics. His most lasting contribution was his vision of history and politics. In Hegel's World Revolutions, Richard Bourke returns to Hegel's original arguments, clarifying their true import and illuminating their relevance to contemporary society. Bourke shows that central to Hegel's thought was his anatomy of the modern world. On the one hand he claimed that modernity was a deliverance from subjection, but on the other he saw it as having unleashed the spirit of critical reflection. Bourke explores this predicament in terms of a series of world revolutions that Hegel believed had ushered in the rise of civil society and the emergence of the constitutional state.Bourke interprets Hegel's thought, with particular reference to his philosophy of history, placing it in the context of his own time. He then recounts the reception of Hegel's political ideas, largely over the course of the twentieth century. Countering the postwar revolt against Hegel, Bourke argues that his disparagement by major philosophers has impoverished our approach to history and politics alike. Challenging the condescension of leading thinkers-from Heidegger and Popper to Lévi-Strauss and Foucault-the book revises prevailing views of the relationship between historical ideas and present circumstances"--
Assigning source Provided by publisher.
600 10 - SUBJECT ADDED ENTRY--PERSONAL NAME
Personal name Hegel, Georg Wilhelm Friedrich,
Dates associated with a name 1770-1831
General subdivision Political and social views.
9 (RLIN) 752943
650 #0 - SUBJECT ADDED ENTRY--TOPICAL TERM
Topical term or geographic name entry element Revolutions.
9 (RLIN) 29517
650 #7 - SUBJECT ADDED ENTRY--TOPICAL TERM
Topical term or geographic name entry element POLITICAL SCIENCE / History & Theory
Source of heading or term bisacsh
9 (RLIN) 752944
650 #7 - SUBJECT ADDED ENTRY--TOPICAL TERM
Topical term or geographic name entry element HISTORY / Military / Revolutions & Wars of Independence (see also United States / Revolutionary Period (1775-1800))
Source of heading or term bisacsh
9 (RLIN) 752945
651 #0 - SUBJECT ADDED ENTRY--GEOGRAPHIC NAME
Geographic name France
General subdivision History
Chronological subdivision Revolution, 1789-1799
General subdivision Influence.
9 (RLIN) 752946
776 08 - ADDITIONAL PHYSICAL FORM ENTRY
Relationship information Online version:
Main entry heading Bourke, Richard.
Title Hegel's world revolutions
Place, publisher, and date of publication Princeton, New Jersey : Princeton University Press, 2023
International Standard Book Number 9780691253114
Record control number (DLC) 2023019044
906 ## - LOCAL DATA ELEMENT F, LDF (RLIN)
a 7
b cbc
c orignew
d 1
e ecip
f 20
g y-gencatlg
942 ## - ADDED ENTRY ELEMENTS (KOHA)
Source of classification or shelving scheme Colon Classification (CC)
Koha item type Textbook
Classification part R3xL70 R3
Suppress in OPAC No
Holdings
Withdrawn status Lost status Source of classification or shelving scheme Damaged status Not for loan Home library Current library Date acquired Source of acquisition Cost, normal purchase price Inventory number Total Checkouts Full call number Barcode Date last seen Price effective from Koha item type
    Colon Classification (CC)     Central Library Central Library 2025-04-24 Efficient Book Distributors 29.95 9394 & 2024-12-12   R3xL70 R3 CL1681877 2025-04-24 2025-04-24 Textbook
Copyright @ Delhi University Library System